[Event "M.Chigorin Memorial 2017 "]
[Site "?????-?????????"]
[Date "2017.10.29"]
[Round "9"]
[Board "144"]
[White "Andrijashkin, Deniss"]
[Black "Timofeev, Vsevolod"]
[Result "1-0"]
[WhiteElo "1929"]
[BlackElo "1479"]
[PlyCount "115"]
[EventDate "2017.10.21"]
[EventRounds "9"]
[EventCountry "RUS"]

1. e4 e5 2. Nf3 Nc6 3. Bc4 Bc5 4. d3 d6 5. c3 Bg4 6. Nbd2 Nf6 7. Nf1 d5 8. exd5
Nxd5 9. Ng3 O-O 10. O-O Kh8 11. h3 Bc8 12. Re1 Re8 13. Ng5 Re7 14. Qh5 Nf6 15.
Nxf7+ Rxf7 16. Qxf7 Na5 17. Bg5 Nxc4 18. Qxc4 Qf8 19. d4 exd4 20. cxd4 Bd6 21.
Bxf6 gxf6 22. Ne4 Be7 23. Qxc7 Qg7 24. Qg3 Qf8 25. d5 Bb4 26. Re3 f5 27. Qe5+
Qg7 28. Qxg7+ Kxg7 29. Rb3 Ba5 30. Nd6 Bb6 31. Rc1 Bd7 32. Nxb7 Rb8 33. Rxb6
axb6 34. Rc7 Kf6 35. Rxd7 h5 36. d6 Ke6 37. Re7+ Kf6 38. Rc7 Rxb7 39. Rxb7 Ke6
40. Rxb6 Kd7 41. Rb5 Kxd6 42. Rxf5 h4 43. Rf4 Kd5 44. Rxh4 Ke5 45. a4 Kd5 46.
g4 Ke5 47. b4 Kd6 48. Rh6+ Kd5 49. a5 Kc4 50. a6 Kd4 51. a7 Ke4 52. a8=Q+ Kd4
53. Rd6+ Kc4 54. Qd5+ Kxb4 55. Rb6+ Kc3 56. Rb3+ Kc2 57. Qd3+ Kc1 58. Rb1#  1-0

[Event "M.Chigorin Memorial 2017 "]
[Site "?????-?????????"]
[Date "2017.10.29"]
[Round "9"]
[Board "145"]
[White "Khalikov, Bulat"]
[Black "Serov, Aleksandr"]
[Result "1-0"]
[WhiteElo "1925"]
[BlackElo "1456"]
[PlyCount "87"]
[EventDate "2017.10.21"]
[EventRounds "9"]
[EventCountry "RUS"]

1. e4 c6 2. d4 d5 3. exd5 cxd5 4. Bd3 Nc6 5. c3 g6 6. Bf4 Bg7 7. Nf3 Bg4 8.
Nbd2 Nf6 9. h3 Bxf3 10. Nxf3 O-O 11. O-O Re8 12. Re1 a6 13. b4 Nd7 14. Qb3 e5
15. Bg5 Qc7 16. Qxd5 exd4 17. Nxd4 Bxd4 18. cxd4 Nxb4 19. Qb3 Nxd3 20. Qxd3
Rxe1+ 21. Rxe1 Qa5 22. Qd2 Qd5 23. Bh6 Rd8 24. Qf4 Qc6 25. Re7 Nf6 26. Rxb7 Re8
27. Rb8 Rxb8 28. Qxb8+ Ne8 29. d5 Qd7 30. d6 f6 31. g3 g5 32. Qb3+ Kh8 33. Bf8
h5 34. Qd1 g4 35. h4 Kg8 36. Be7 Ng7 37. Qd5+ Kh7 38. Bxf6 Nf5 39. Be5 Kh6 40.
Qd2+ Kh7 41. Qg5 Qc8 42. Qxh5+ Nh6 43. Bf4 Qe6 44. Qxh6+  1-0

[Event "M.Chigorin Memorial 2017 "]
[Site "?????-?????????"]
[Date "2017.10.29"]
[Round "9"]
[Board "146"]
[White "Moskaleva, Arina"]
[Black "Nuritdinov, Nizomitdin"]
[Result "0-1"]
[WhiteElo "1536"]
[BlackElo "1924"]
[PlyCount "96"]
[EventDate "2017.10.21"]
[EventRounds "9"]
[EventCountry "RUS"]

1. d4 d5 2. c4 e6 3. Nc3 Nf6 4. cxd5 exd5 5. Bg5 Be7 6. e3 c6 7. Qc2 O-O 8. Bd3
h6 9. Bh4 Re8 10. Nf3 Nbd7 11. O-O Ne4 12. Bxe7 Qxe7 13. Rab1 f5 14. b4 a6 15.
a4 Ndf6 16. Ne5 Nxc3 17. Qxc3 Ne4 18. Qc2 Be6 19. b5 axb5 20. axb5 cxb5 21.
Bxe4 dxe4 22. Rxb5 Rac8 23. Qb1 Rc7 24. Rd1 Rd8 25. h3 Bd5 26. Ng6 Qf7 27. Nf4
Bc4 28. Rb6 Bd5 29. Qb2 Bc6 30. Rb1 g5 31. Ne2 f4 32. Qd2 f3 33. Ng3 fxg2 34.
Kxg2 Qf3+ 35. Kh2 Rf7 36. Rf1 h5 37. Qa5 Rd5 38. Qa8+ Rf8 39. Qa2 h4 40. Ne2 g4
41. Nf4 Rxf4 42. exf4 Qxf4+ 43. Kg1 gxh3 44. Qa8+ Kg7 45. Rxb7+ Rd7 46. Rxd7+
Bxd7 47. Ra1 Qg4+ 48. Kf1 Bb5+  0-1

[Event "M.Chigorin Memorial 2017 "]
[Site "?????-?????????"]
[Date "2017.10.29"]
[Round "9"]
[Board "147"]
[White "Khalilov, Emin"]
[Black "Schetchikov, Vladimir"]
[Result "1-0"]
[WhiteElo "1470"]
[BlackElo "1916"]
[PlyCount "63"]
[EventDate "2017.10.21"]
[EventRounds "9"]
[EventCountry "RUS"]

1. e4 c5 2. Nf3 Nc6 3. d4 cxd4 4. Nxd4 Nf6 5. Nc3 e5 6. Ndb5 d6 7. Bg5 a6 8.
Na3 b5 9. Bxf6 gxf6 10. Nd5 f5 11. exf5 Bxf5 12. Qf3 Nd4 13. Nf6+ Ke7 14. Nd5+
Ke6 15. Nc7+ Qxc7 16. Qxa8 Bxc2 17. Qxa6 Qc5 18. Qa5 Qd5 19. f3 Bh6 20. Nxb5
Nxf3+ 21. gxf3 Qxf3 22. Bc4+ Ke7 23. Qc7+ Kf8 24. Qxd6+ Kg8 25. Rg1+ Bg6 26.
Qxe5 Bg7 27. Qe8+ Bf8 28. Nd6 Kg7 29. Qe5+ f6 30. Nf5+ Qxf5 31. Qxf5 Bb4+ 32.
Kf1  1-0

[Event "M.Chigorin Memorial 2017 "]
[Site "?????-?????????"]
[Date "2017.10.29"]
[Round "9"]
[Board "148"]
[White "Pankova, Julia"]
[Black "Orlov, Alexandr"]
[Result "1/2-1/2"]
[WhiteElo "1785"]
[BlackElo "2075"]
[PlyCount "80"]
[EventDate "2017.10.21"]
[EventRounds "9"]
[EventCountry "RUS"]

1. e4 d5 2. exd5 Nf6 3. d4 Nxd5 4. c4 Nb6 5. Nf3 g6 6. Nc3 Bg7 7. c5 Nd5 8. Bc4
Nxc3 9. bxc3 O-O 10. O-O b6 11. cxb6 axb6 12. Qb3 Ba6 13. Ne5 Bxc4 14. Qxc4 c5
15. Be3 cxd4 16. Bxd4 Qd6 17. Rfe1 e6 18. Rab1 Nd7 19. Nxd7 Qxd7 20. Bxg7 Kxg7
21. Red1 Rfc8 22. Qb3 Qc6 23. Rdc1 Qc4 24. Qxb6 Rxa2 25. Qe3 Re2 26. Qd4+ Qxd4
27. cxd4 Rxc1+ 28. Rxc1 Rd2 29. g3 Rxd4 30. Rc7 Kf6 31. Kg2 Rd3 32. h4 h5 33.
Ra7 e5 34. Rb7 Rc3 35. Ra7 Rd3 36. Rb7 Rc3 37. Ra7 Rd3 38. Rb7 Rc3 39. Ra7 Rd3
40. Rb7 Rc3  1/2-1/2

[Event "M.Chigorin Memorial 2017 "]
[Site "?????-?????????"]
[Date "2017.10.29"]
[Round "9"]
[Board "150"]
[White "Shakhmatov, Roman"]
[Black "Stepanyan, Eva"]
[Result "1-0"]
[WhiteElo "1787"]
[BlackElo "1952"]
[PlyCount "149"]
[EventDate "2017.10.21"]
[EventRounds "9"]
[EventCountry "RUS"]

1. e4 e5 2. Nf3 Nc6 3. Bb5 a6 4. Ba4 Nf6 5. Qe2 b5 6. Bb3 Bc5 7. d3 O-O 8. c3
d6 9. Bg5 Be6 10. Nbd2 Bb6 11. Nf1 h6 12. Bh4 Qe7 13. Ne3 Bxb3 14. axb3 Qe6 15.
Bxf6 Qxf6 16. Nd5 Qd8 17. O-O Ne7 18. Nxb6 cxb6 19. d4 exd4 20. Nxd4 Qd7 21.
Rfd1 Rfe8 22. Qd3 Qb7 23. Re1 Rad8 24. h3 Kh8 25. Rad1 Qd7 26. Qg3 Qc8 27. Qd3
Qd7 28. Rd2 Kg8 29. Red1 Qb7 30. Qc2 Ng6 31. f3 Ne7 32. Rd3 Qa8 33. Qd2 d5 34.
Nc2 Qb8 35. Nb4 a5 36. Nxd5 Nxd5 37. Rxd5 Rxd5 38. Qxd5 Qf4 39. Qxb5 Qe3+ 40.
Kh1 Rf8 41. Qd3 Qf2 42. Qd2 Qxd2 43. Rxd2 Rb8 44. Rd7 Kf8 45. Kg1 Ke8 46. Ra7
Rd8 47. Rb7 Rd1+ 48. Kh2 Rb1 49. Rxb6 Rxb2 50. Rb5 Kd7 51. h4 Kc6 52. c4 Ra2
53. Rf5 f6 54. e5 fxe5 55. Rxe5 Ra3 56. Rb5 a4 57. bxa4 Rxa4 58. Rb8 Rxc4 59.
Rc8+ Kd5 60. Rxc4 Kxc4 61. Kg3 Kd5 62. Kf4 Ke6 63. g4 Kf6 64. Ke4 g5 65. hxg5+
Kxg5 66. Ke5 Kg6 67. f4 Kf7 68. Kf5 Kg7 69. Ke6 Kg8 70. Ke7 Kg7 71. f5 h5 72.
f6+ Kh7 73. gxh5 Kg8 74. f7+ Kh7 75. Kf6  1-0

[Event "M.Chigorin Memorial 2017 "]
[Site "?????-?????????"]
[Date "2017.10.29"]
[Round "9"]
[Board "151"]
[White "Rudikov, Dmitry"]
[Black "Patel, Palak"]
[Result "1-0"]
[WhiteElo "1943"]
[BlackElo "1741"]
[PlyCount "105"]
[EventDate "2017.10.21"]
[EventRounds "9"]
[EventCountry "RUS"]

1. d4 d5 2. c4 c6 3. cxd5 cxd5 4. Bf4 Nc6 5. e3 e6 6. Nc3 Nf6 7. Bd3 Bd6 8.
Bxd6 Qxd6 9. f4 a6 10. Nf3 Qb4 11. Qd2 Na5 12. Ne5 Nd7 13. O-O f5 14. g4 Nxe5
15. dxe5 d4 16. exd4 Qxd4+ 17. Rf2 O-O 18. gxf5 exf5 19. Rd1 Kh8 20. Bf1 Qa7
21. Qd8 Qc5 22. Qd6 Qxd6 23. Rxd6 Nc6 24. Rfd2 g5 25. Bg2 gxf4 26. Bxc6 bxc6
27. Na4 Re8 28. Rd8 Be6 29. Rxa8 Rxa8 30. Rd6 Bxa2 31. Rxc6 Re8 32. Rc5 Kg7 33.
Kf2 Kg6 34. Kf3 Kg5 35. h4+ Kxh4 36. Kxf4 Bb1 37. Rc1 Be4 38. Nc3 Rc8 39. Re1
Kh5 40. Nxe4 fxe4 41. Kf5 Kh6 42. Kf6 Rf8+ 43. Ke7 Rf2 44. b4 Kg6 45. Rxe4 Kf5
46. Re1 Rb2 47. e6 Rxb4 48. Rf1+ Ke5 49. Kf7 Rb7+ 50. e7 Kd6 51. Rf6+ Ke5 52.
Rxa6 h5 53. Rh6  1-0

[Event "M.Chigorin Memorial 2017 "]
[Site "?????-?????????"]
[Date "2017.10.29"]
[Round "9"]
[Board "152"]
[White "Smorodkin, Kirill"]
[Black "Nikitin, Vladimir"]
[Result "0-1"]
[WhiteElo "1769"]
[BlackElo "1925"]
[PlyCount "138"]
[EventDate "2017.10.21"]
[EventRounds "9"]
[EventCountry "RUS"]

1. e4 g6 2. d4 Bg7 3. Nf3 d6 4. Nc3 c6 5. Bc4 Nf6 6. Bb3 O-O 7. O-O Qc7 8. e5
Ne8 9. Bf4 d5 10. Qd2 Qd8 11. h3 Na6 12. Ne2 Be6 13. Rac1 Qd7 14. c4 dxc4 15.
Bxc4 Bxc4 16. Rxc4 Nac7 17. Ng3 Ne6 18. Bh6 N8c7 19. Bxg7 Kxg7 20. b3 Nd5 21.
Ng5 Nec7 22. f4 Nb6 23. Rc2 Rad8 24. Nf3 Ne6 25. Rd1 f5 26. Ne2 Nd5 27. g3 h6
28. a3 Rg8 29. Nc3 Ndc7 30. Qe3 Kf7 31. Kf2 Nd5 32. Nxd5 Qxd5 33. Rdd2 Qa5 34.
b4 Qb6 35. Qb3 Rd5 36. Rc1 g5 37. fxg5 Nxg5 38. Nxg5+ hxg5 39. Qe3 e6 40. Rc5
Rd7 41. Rc1 Qd8 42. Rcd1 a6 43. Rc1 Rh8 44. Kg2 Ke8 45. Rh1 Rdh7 46. Qb3 Ke7
47. Qc4 Kf7 48. Rf2 Ke7 49. Qc5+ Ke8 50. Qc4 Qd7 51. Qc5 Rh6 52. Qc4 Qh7 53.
Rhf1 Rg6 54. Rh1 Qd7 55. Qc5 Rgh6 56. Qc4 Qh7 57. Rhf1 Kd7 58. Qc5 Kc8 59. Qc4
Kb8 60. Qc5 f4 61. Qd6+ Ka8 62. h4 Qe4+ 63. Kg1 Qe3 64. a4 fxg3 65. Kg2 gxf2
66. Rxf2 Qe4+ 67. Kf1 Rc8 68. Rf8 Rh8 69. Rxc8+ Rxc8  0-1

[Event "M.Chigorin Memorial 2017 "]
[Site "?????-?????????"]
[Date "2017.10.29"]
[Round "9"]
[Board "153"]
[White "Kairbekova, Amina"]
[Black "Bushueva, Tatjana"]
[Result "1-0"]
[WhiteElo "1916"]
[BlackElo "1737"]
[PlyCount "81"]
[EventDate "2017.10.21"]
[EventRounds "9"]
[EventCountry "RUS"]

1. e4 e6 2. d4 d5 3. e5 c5 4. c3 Nc6 5. Nf3 Bd7 6. a3 c4 7. Nbd2 Na5 8. g3 Bc6
9. h4 Qd7 10. Bh3 Ba4 11. Qe2 Ne7 12. O-O Nec6 13. Nh2 Nb3 14. Nxb3 Bxb3 15. f4
g6 16. g4 O-O-O 17. f5 gxf5 18. gxf5 Rg8+ 19. Kh1 Re8 20. Ng4 Be7 21. Bg5 Ref8
22. Nh6 Rh8 23. fxe6 fxe6 24. Bf6 Nd8 25. Bxh8 Rxh8 26. Qg4 Bc2 27. Nf7 Re8 28.
Nxd8 Bxd8 29. Rf4 Qb5 30. Rf8 Be4+ 31. Kg1 Re7 32. Qg8 Qd7 33. Bxe6 Rxe6 34.
Rxd8+ Qxd8 35. Qxe6+ Kc7 36. Rf1 Bg6 37. Rf6 Kb8 38. Qd6+ Qxd6 39. Rxd6 Be4 40.
e6 Kc7 41. e7  1-0

[Event "M.Chigorin Memorial 2017 "]
[Site "?????-?????????"]
[Date "2017.10.29"]
[Round "9"]
[Board "154"]
[White "Tsarkov, Mikhail"]
[Black "Kuizhev, Adam"]
[Result "1-0"]
[WhiteElo "1701"]
[BlackElo "1911"]
[PlyCount "69"]
[EventDate "2017.10.21"]
[EventRounds "9"]
[EventCountry "RUS"]

1. d4 Nf6 2. Bf4 g6 3. Nf3 Bg7 4. e3 O-O 5. h3 d5 6. c4 c6 7. Nc3 Nbd7 8. Be2
b6 9. O-O Bb7 10. Qb3 dxc4 11. Bxc4 b5 12. Be2 a6 13. a4 Qb6 14. axb5 axb5 15.
Rxa8 Rxa8 16. Ne5 e6 17. g4 h6 18. Nxd7 Nxd7 19. Bd3 Qd8 20. Ne4 Nf6 21. Nxf6+
Qxf6 22. Be4 Qe7 23. Rc1 Qd7 24. Qc2 Ra6 25. h4 f5 26. gxf5 gxf5 27. Bf3 Qe7
28. Kg2 Qxh4 29. Qc5 Qd8 30. Rg1 Kh7 31. Kh3 Qd7 32. Bh5 Ra2 33. Be5 Bxe5 34.
Bg6+ Kh8 35. Qf8#  1-0

[Event "M.Chigorin Memorial 2017 "]
[Site "?????-?????????"]
[Date "2017.10.29"]
[Round "9"]
[Board "155"]
[White "Chekletsova, Darya"]
[Black "Razumovskiy, Mikhail"]
[Result "0-1"]
[WhiteElo "1636"]
[BlackElo "1908"]
[PlyCount "142"]
[EventDate "2017.10.21"]
[EventRounds "9"]
[EventCountry "RUS"]

1. d4 d5 2. c4 c6 3. cxd5 cxd5 4. Nc3 Nf6 5. Nf3 Nc6 6. Bf4 a6 7. a3 Bg4 8. e3
e6 9. h3 Bh5 10. Be2 Bd6 11. Bxd6 Qxd6 12. O-O b5 13. b4 O-O 14. Rc1 Rfc8 15.
Qd2 Nd7 16. Ng5 Bg6 17. Bd3 Ne7 18. Ne2 Nb6 19. Bxg6 Nxg6 20. Rxc8+ Rxc8 21.
Rc1 Rc4 22. Rxc4 bxc4 23. Nc3 h6 24. Nf3 Qc6 25. Qc2 Qc7 26. Qd2 Qc6 27. Qc2
Qa8 28. a4 Qc6 29. b5 axb5 30. axb5 Qa8 31. Qb2 Qa5 32. Nd2 Ne7 33. Ndb1 Nf5
34. Na3 h5 35. Nc2 Nd6 36. Na3 Nb7 37. Nc2 Na4 38. Nxa4 Qxa4 39. Na1 Kf8 40. b6
Ke7 41. Kh2 Kd7 42. f3 f5 43. g4 g6 44. gxh5 gxh5 45. Qg2 Qc6 46. Qg7+ Kc8 47.
Qf8+ Nd8 48. Qb4 h4 49. Nc2 Kd7 50. f4 Nb7 51. Ne1 c3 52. Nc2 Qc4 53. Qb1 Kc8
54. Kg1 Qa4 55. Ne1 Nd6 56. Qd3 Qc4 57. Qc2 Ne4 58. Nd3 Kb7 59. Ne5 Qb5 60. Nd3
Kxb6 61. Kf1 Qc4 62. Ke2 Nd6 63. Qb1+ Nb5 64. Kd1 Kc7 65. Ne1 Kc6 66. Qa1 Qb3+
67. Nc2 Kb6 68. Kc1 Qc4 69. Ne1 Qe2 70. Qa8 Qb2+ 71. Kd1 Qd2#  0-1

[Event "M.Chigorin Memorial 2017 "]
[Site "?????-?????????"]
[Date "2017.10.29"]
[Round "9"]
[Board "157"]
[White "Zakharov, Yuri"]
[Black "Pavlov, Mikhail"]
[Result "0-1"]
[WhiteElo "1681"]
[BlackElo "1849"]
[PlyCount "68"]
[EventDate "2017.10.21"]
[EventRounds "9"]
[EventCountry "RUS"]

1. Nf3 Nf6 2. g3 d5 3. Bg2 c6 4. b3 g6 5. Bb2 Bg7 6. O-O O-O 7. d3 Bd7 8. Nbd2
Qc8 9. Re1 Bh3 10. Ng5 Bxg2 11. Kxg2 Nbd7 12. Ngf3 Re8 13. d4 Qc7 14. Ne5 Nxe5
15. dxe5 Ng4 16. Nf3 Nxe5 17. c3 Nxf3 18. exf3 e5 19. Qc2 Rad8 20. Rad1 c5 21.
Kg1 Qc6 22. Qe2 f5 23. Qd3 b5 24. Bc1 Bf6 25. Qe2 e4 26. fxe4 Bxc3 27. Rf1 dxe4
28. Bg5 Rxd1 29. Rxd1 Bd4 30. Qc2 Qe6 31. b4 e3 32. fxe3 Bxe3+ 33. Bxe3 Qxe3+
34. Kf1 Qf3+  0-1

[Event "M.Chigorin Memorial 2017 "]
[Site "?????-?????????"]
[Date "2017.10.29"]
[Round "9"]
[Board "158"]
[White "Chagina, Ulyana"]
[Black "Kozlov, Mikhail"]
[Result "0-1"]
[WhiteElo "1571"]
[BlackElo "1813"]
[PlyCount "106"]
[EventDate "2017.10.21"]
[EventRounds "9"]
[EventCountry "RUS"]

1. d4 e6 2. Nf3 Nf6 3. c4 d5 4. g3 Nbd7 5. Bg2 dxc4 6. Nc3 Nb6 7. O-O c5 8. a4
cxd4 9. Nxd4 Bc5 10. Ndb5 a6 11. Qxd8+ Kxd8 12. Rd1+ Nbd7 13. Nd6 Bxd6 14. Rxd6
Ke7 15. Rd4 Nc5 16. Rxc4 Nb3 17. Rb1 Nxc1 18. Rxc1 Rd8 19. a5 Ne8 20. Na4 Rb8
21. Nb6 Bd7 22. Rb4 Bb5 23. Rb3 Bxe2 24. Rbc3 Bb5 25. Rc8 Rdxc8 26. Rxc8 Rxc8
27. Nxc8+ Kd8 28. Na7 Kc7 29. Nxb5+ axb5 30. Kf1 Nd6 31. b3 Nf5 32. Be4 Nd4 33.
b4 Nc6 34. Bd3 f5 35. Bxb5 Nxb4 36. Ke2 Nc6 37. Kd3 Nxa5 38. Kd4 Kd6 39. f4
Nb3+ 40. Kc3 Nc5 41. Kd4 Ne4 42. g4 Nf6 43. gxf5 exf5 44. Bd3 g6 45. Bc4 Nh5
46. Ke3 Kc5 47. Bg8 Nf6 48. Ba2 Ng4+ 49. Kd3 Nf6 50. Ke3 Nd5+ 51. Kf3 Kd4 52.
Bb3 b5 53. h4 Nf6  0-1

[Event "M.Chigorin Memorial 2017 "]
[Site "?????-?????????"]
[Date "2017.10.29"]
[Round "9"]
[Board "159"]
[White "Vasilenko, Ekaterina"]
[Black "Mustafazade, Fikrat"]
[Result "1-0"]
[WhiteElo "1806"]
[BlackElo "1466"]
[PlyCount "77"]
[EventDate "2017.10.21"]
[EventRounds "9"]
[EventCountry "RUS"]

1. e4 Nf6 2. Nc3 d5 3. e5 d4 4. exf6 dxc3 5. fxg7 cxd2+ 6. Bxd2 Bxg7 7. Qh5
Bxb2 8. Qb5+ Qd7 9. Qxb2 O-O 10. O-O-O Rd8 11. Be2 Qe6 12. Qb3 Qf6 13. Qg3+ Kf8
14. Bc3 Qh6+ 15. Qe3 Rxd1+ 16. Bxd1 Qa6 17. Qd4 f6 18. Qd8+ Kf7 19. Qxc8 Qxa2
20. Qxb7 a5 21. Qxa8 Qa3+ 22. Bb2 Qb4 23. Qd5+ e6 24. Qh5+ Kf8 25. Qxh7 Qf4+
26. Kb1 Na6 27. Qh8+ Kf7 28. Qxf6+ Qxf6 29. Bxf6 Kxf6 30. Nf3 c5 31. h4 Nb4 32.
h5 Kg7 33. h6+ Kh7 34. Ng5+ Kh8 35. h7 Nxc2 36. Bxc2 a4 37. Nf7+ Kg7 38. h8=Q+
Kxf7 39. Rh7#  1-0

[Event "M.Chigorin Memorial 2017 "]
[Site "?????-?????????"]
[Date "2017.10.29"]
[Round "9"]
[Board "160"]
[White "Leonova, Ameliya"]
[Black "Pradeep, Pandya"]
[Result "0-1"]
[WhiteElo "1798"]
[BlackElo "1571"]
[PlyCount "138"]
[EventDate "2017.10.21"]
[EventRounds "9"]
[EventCountry "RUS"]

1. e4 e5 2. Nf3 Nf6 3. Nxe5 d6 4. Nf3 Nxe4 5. Nc3 Nxc3 6. dxc3 Be7 7. Be3 Nc6
8. Qd2 Be6 9. O-O-O Qd7 10. a3 a6 11. Bd3 O-O-O 12. Rhe1 h6 13. h4 Kb8 14. c4
Bg4 15. Be4 Rhe8 16. Bxc6 Qxc6 17. Qd4 Bxf3 18. gxf3 Bf6 19. Qa7+ Kc8 20. c5 d5
21. Rd3 Kd7 22. Rb3 Ra8 23. Qxb7 Qxb7 24. Rxb7 Kc6 25. Rb3 d4 26. Bd2 Rxe1+ 27.
Bxe1 Re8 28. Kd1 Bxh4 29. Rd3 Kxc5 30. c3 Bf6 31. cxd4+ Bxd4 32. Bc3 Bxc3 33.
Rxc3+ Kd6 34. Rd3+ Kc6 35. Rd4 Re6 36. Rc4+ Kd6 37. Rd4+ Kc5 38. Rf4 Rf6 39.
Rg4 g5 40. Ke2 Rf4 41. Rg1 f5 42. b3 Kd5 43. Rd1+ Rd4 44. Rh1 Rh4 45. Rd1+ Kc6
46. Rd8 Rh1 47. Rg8 Kc5 48. Rg6 c6 49. Kd3 Rd1+ 50. Ke3 Rd6 51. Rg8 Kd5 52. Rg7
Re6+ 53. Kd3 Ke5 54. Kc4 Kf4 55. Rf7 h5 56. Rh7 h4 57. Rh5 Rg6 58. Kc5 Kxf3 59.
Kb6 c5+ 60. Kxc5 Kxf2 61. b4 f4 62. a4 f3 63. b5 axb5 64. axb5 Kg3 65. b6 g4
66. b7 Rg8 67. Kd4 f2 68. Rg5 Rd8+ 69. Rd5 f1=Q  0-1

[Event "M.Chigorin Memorial 2017 "]
[Site "?????-?????????"]
[Date "2017.10.29"]
[Round "9"]
[Board "161"]
[White "Bulsoev, Alexander"]
[Black "Shemakhanov, Danila"]
[Result "1-0"]
[WhiteElo "1853"]
[BlackElo "1542"]
[PlyCount "41"]
[EventDate "2017.10.21"]
[EventRounds "9"]
[EventCountry "RUS"]

1. e4 c5 2. Nc3 Nc6 3. d3 g6 4. Be3 d6 5. d4 cxd4 6. Bxd4 Nxd4 7. Qxd4 Nf6 8.
e5 dxe5 9. Bb5+ Bd7 10. Qxe5 Bxb5 11. Nxb5 Rc8 12. Rd1 Qa5+ 13. c3 Qa6 14. Nc7+
Rxc7 15. Qxc7 Qe6+ 16. Ne2 Nd5 17. Qb8+ Kd7 18. Qxb7+ Kd6 19. c4 Qg4 20. Rxd5+
Ke6 21. Qc6#  1-0

[Event "M.Chigorin Memorial 2017 "]
[Site "?????-?????????"]
[Date "2017.10.29"]
[Round "9"]
[Board "162"]
[White "Khochinsky, Andrey"]
[Black "Khodko, Yurii N."]
[Result "1/2-1/2"]
[WhiteElo "1803"]
[BlackElo "1583"]
[PlyCount "82"]
[EventDate "2017.10.21"]
[EventRounds "9"]
[EventCountry "RUS"]

1. d4 Nf6 2. c4 g6 3. Nc3 Bg7 4. e4 d6 5. f3 O-O 6. Be3 c6 7. Qd2 e5 8. d5 cxd5
9. cxd5 Ne8 10. Bd3 b6 11. Nge2 Ba6 12. O-O Bxd3 13. Qxd3 f5 14. Rac1 f4 15.
Bf2 g5 16. Rc2 Nc7 17. a3 Nba6 18. b4 Qd7 19. Rfc1 Rac8 20. Na2 h5 21. Rc6 Nb8
22. R6c4 Nba6 23. Qc2 g4 24. Qd3 Rf6 25. R4c2 Rg6 26. Kh1 Bh6 27. Bg1 Kh7 28.
Rc3 Rcg8 29. R3c2 gxf3 30. Qxf3 Rxg2 31. Qxh5 f3 32. Be3 R8g6 33. Ng3 Rxc2 34.
Rxc2 Qg4 35. Qxg4 Rxg4 36. Bxh6 Kxh6 37. Kg1 Kg5 38. Kf2 Rf4 39. Rc3 Kg4 40.
Rc6 Ne8 41. Nc3 Rf7  1/2-1/2

[Event "M.Chigorin Memorial 2017 "]
[Site "?????-?????????"]
[Date "2017.10.29"]
[Round "9"]
[Board "163"]
[White "Murzina, Agata"]
[Black "Shilnikov, Igor S."]
[Result "1-0"]
[WhiteElo "1637"]
[BlackElo "1762"]
[PlyCount "94"]
[EventDate "2017.10.21"]
[EventRounds "9"]
[EventCountry "RUS"]

1. e4 e5 2. Nf3 Nc6 3. Nc3 Be7 4. d4 d6 5. Bb5 exd4 6. Nxd4 Bd7 7. Be3 Nf6 8.
O-O O-O 9. Qe2 Nxd4 10. Bxd4 c6 11. Bd3 Re8 12. f4 Ng4 13. h3 Bf6 14. Bxf6 Nxf6
15. Kh1 Qa5 16. Rae1 Re7 17. Qd2 Rae8 18. Re2 Qh5 19. Qe3 Bf5 20. Qxa7 Bg4 21.
Rd2 b5 22. Qb6 Bd7 23. Be2 Qh4 24. Bd3 Bxh3 25. gxh3 Nh5 26. Ne2 Qxh3+ 27. Kg1
Qg4+ 28. Kf2 Qh4+ 29. Kg1 Qg4+ 30. Kh1 Qh3+ 31. Kg1 Re6 32. f5 Ng3 33. Nxg3 Rh6
34. Rg2 d5 35. exd5 cxd5 36. Qf2 Rh4 37. Rh2 Qg4 38. Rxh4 Qxh4 39. Kg2 Qd8 40.
f6 d4 41. fxg7 Qd5+ 42. Qf3 Qd7 43. Qf5 Qc6+ 44. Kg1 Qg6 45. Qxg6 fxg6 46. Rf8+
Rxf8 47. gxf8=Q+ Kxf8  1-0

[Event "M.Chigorin Memorial 2017 "]
[Site "?????-?????????"]
[Date "2017.10.29"]
[Round "9"]
[Board "164"]
[White "Astakhov, Dmitrii"]
[Black "Fedorov, Ivan"]
[Result "0-1"]
[WhiteElo "1490"]
[BlackElo "1745"]
[PlyCount "82"]
[EventDate "2017.10.21"]
[EventRounds "9"]
[EventCountry "RUS"]

1. d4 d6 2. Nf3 Bf5 3. c4 Nf6 4. Nc3 e6 5. Qb3 Be7 6. Qxb7 Nbd7 7. Qb3 c5 8. d5
exd5 9. cxd5 O-O 10. e3 Ng4 11. e4 Bg6 12. Be2 f5 13. exf5 Rxf5 14. Bd3 c4 15.
Qxc4 Nge5 16. Qd4 Rxf3 17. Bxg6 hxg6 18. O-O Rf5 19. f4 Ng4 20. h3 Bf6 21. Qd3
Qb6+ 22. Kh1 Nf2+ 23. Rxf2 Qxf2 24. Be3 Qxb2 25. Rc1 Nc5 26. Qc4 Re8 27. Nd1
Qb7 28. Bxc5 dxc5 29. d6+ Qf7 30. d7 Re1+ 31. Kh2 Qxc4 32. Rxc4 Rxd1 33. g4
Rxf4 34. Rxc5 Rxd7 35. g5 Rd2+ 36. Kg3 Bd4 37. Rc8+ Rf8 38. Rc6 Rd3+ 39. Kg4
Be5 40. Rxg6 Rf4+ 41. Kh5 Rxh3#  0-1

[Event "M.Chigorin Memorial 2017 "]
[Site "?????-?????????"]
[Date "2017.10.29"]
[Round "9"]
[Board "165"]
[White "Kozyakov, Andrey"]
[Black "Aslanov, Umid"]
[Result "1-0"]
[WhiteElo "1727"]
[BlackElo "1520"]
[PlyCount "123"]
[EventDate "2017.10.21"]
[EventRounds "9"]
[EventCountry "RUS"]

1. e4 c5 2. Nf3 d6 3. d4 cxd4 4. Nxd4 Nf6 5. Nc3 a6 6. Be2 e6 7. O-O Be7 8. Be3
O-O 9. Kh1 Qc7 10. f4 Nc6 11. Bf3 e5 12. Nde2 exf4 13. Nxf4 Be6 14. Ncd5 Bxd5
15. Nxd5 Nxd5 16. exd5 Ne5 17. Be4 g6 18. b3 f5 19. Bd3 Bf6 20. Rc1 Ng4 21. Bg1
Bg5 22. h3 Ne3 23. Qd2 f4 24. Rf3 Rae8 25. c4 b6 26. Re1 Qd7 27. Qb4 Qc7 28.
Bh2 a5 29. Qd2 Qe7 30. Re2 Qe5 31. Bg1 Bh6 32. g4 fxg3 33. Rfxe3 Bxe3 34. Qxe3
Qh5 35. Qxg3 Rxe2 36. Bxe2 Qxe2 37. Qg2 Qd3 38. Qg4 Re8 39. Bxb6 Re4 40. Qc8+
Kg7 41. Qd7+ Kh6 42. Kg2 Re2+ 43. Bf2 Qe4+ 44. Kg1 Rxa2 45. Qxd6 Ra1+ 46. Kh2
Rh1+ 47. Kg3 Qd3+ 48. Kf4 Qf5+ 49. Ke3 Rxh3+ 50. Bg3 Rh1 51. Qf4+ Qxf4+ 52.
Kxf4 Kg7 53. Ke5 Kf7 54. Kd6 Rb1 55. Kc7 Rxb3 56. Be5 a4 57. c5 a3 58. d6 Rd3
59. d7 a2 60. c6 Ke6 61. Bb2 g5 62. d8=Q  1-0

[Event "M.Chigorin Memorial 2017 "]
[Site "?????-?????????"]
[Date "2017.10.29"]
[Round "9"]
[Board "166"]
[White "Golovanskikh, Dmitriy"]
[Black "Sakalli, Selcuk Orkun"]
[Result "0-1"]
[WhiteElo "1471"]
[BlackElo "1699"]
[PlyCount "98"]
[EventDate "2017.10.21"]
[EventRounds "9"]
[EventCountry "RUS"]

1. d4 Nf6 2. Nf3 g6 3. Nbd2 Bg7 4. e4 d5 5. Bd3 dxe4 6. Nxe4 Nxe4 7. Bxe4 c5 8.
dxc5 Qa5+ 9. c3 Qxc5 10. O-O O-O 11. Be3 Qc7 12. Qc2 Nd7 13. Qe2 Nc5 14. Bc2 b6
15. Rfe1 Ba6 16. Qd2 Rad8 17. Qc1 Bb7 18. Nd4 e5 19. Nb3 Nd3 20. Bxd3 Rxd3 21.
Bh6 Qc6 22. f3 Rxf3 23. Re2 Rf5 24. Bxg7 Kxg7 25. Qe3 f6 26. Rd1 Rg5 27. Rdd2
Ba6 28. Rf2 Rg4 29. Rf3 Re4 30. Qf2 Ra4 31. Nc1 e4 32. Rh3 Bc8 33. Re3 f5 34.
b3 Ra5 35. Qf4 Rd5 36. Rh3 Qc5+ 37. Kh1 h5 38. Ne2 Rxd2 39. Qxd2 Qf2 40. Re3
Bb7 41. Qd4+ Kh6 42. Qd6 Rg8 43. Qf4+ Qxf4 44. Nxf4 Rd8 45. h3 g5 46. Ne6 Rd2
47. Rg3 g4 48. hxg4 hxg4 49. Nd4 Bc8  0-1

[Event "M.Chigorin Memorial 2017 "]
[Site "?????-?????????"]
[Date "2017.10.29"]
[Round "9"]
[Board "167"]
[White "Surovtseva, Alisa"]
[Black "Bugaev, Anton"]
[Result "1-0"]
[WhiteElo "1693"]
[BlackElo "1503"]
[PlyCount "81"]
[EventDate "2017.10.21"]
[EventRounds "9"]
[EventCountry "RUS"]

1. e4 c5 2. Nf3 d6 3. Nc3 Nf6 4. Bb5+ Bd7 5. Bxd7+ Qxd7 6. O-O Nc6 7. Re1 g6 8.
e5 dxe5 9. Nxe5 Nxe5 10. Rxe5 Rc8 11. d3 Bg7 12. Re1 O-O 13. Qe2 Rfd8 14. h3 b5
15. Ne4 c4 16. Nxf6+ Bxf6 17. dxc4 Rxc4 18. c3 Qb7 19. Be3 Rc7 20. Rad1 Rcd7
21. Rxd7 Qxd7 22. Bd4 Bxd4 23. cxd4 e6 24. Rd1 Qd5 25. Rc1 Qxd4 26. Qxb5 Qd2
27. Rf1 Qc2 28. a4 Rd1 29. Rxd1 Qxd1+ 30. Kh2 Qd2 31. Qb8+ Kg7 32. Qxa7 Qf4+
33. g3 Qb4 34. a5 Qxb2 35. a6 h5 36. h4 e5 37. Qe3 e4 38. a7 Qb7 39. Qc3+ Kh7
40. Qa3 Qb6 41. Qa2  1-0